000 01167nam a2200265 a 4500
001 000044752
005 20201002045611.0
008 150109s2013 dr 000 0 spa d
020 _a9789945447958
020 _a9789945447989
020 _a9789945447965
040 _aDO-SdBNP
_bspa
_cBNPHU
100 1 _aDe la Cruz, María Hortensia
_d1944 -
_972755
245 1 0 _aEn Torno a la Educación Comparada /
_cMaría Hortensia De la Cruz.
260 _aSanto Domingo, :
_bUniversitaria,
_c2013.
300 _a3 t.
490 1 _aEn torno a la educación comparada
504 _aBibliografía p. 39
_8t. 1
504 _aBibliografía p. 81-83
_8t. 2
504 _aBibliografía p. 45-48
_8t. 3
505 0 _tActividades pioneras en la facultad de humanidades, UASD
_gt. 1
_tAntecedentes institucionales para un propósito
_gt. 2
_tComentario a la obra metodologíca comparativã în educatie si învâtâmînt pedagogia comparatâ del Dr. Stanciu Stoian
590 _aLa biblioteca posee nueve (9) ejemplares autografíados por la autora
500 _aIncluye datos biografícos de la autora en la contraportada
830 0 _aEn torno a la educación comparada
_972756
999 _c44241
_d44241